| 000 | 00827nam a2200253 a 4500 | ||
|---|---|---|---|
| 005 | 20240911064103.0 | ||
| 008 | 060821s2004 mx r 000 0 spa d | ||
| 020 | _a9682325293 (10 dígitos) | ||
| 020 | _a978968 2325298 (13 dígitos) | ||
| 035 | _aUPN01000146373 | ||
| 049 | _aCG | ||
| 050 | 4 |
_aHM131 _bM3.7 |
|
| 100 | 1 |
_aMaffesoli, Michel _929656 |
|
| 245 | 1 | 3 |
_aEl tiempo de las tribus : _bel ocaso del individualismo en las sociedades posmodernas / _cMichel Maffesoli ; tr. Daniel Gutiérrez Martínez. |
| 260 |
_aMéxico : _bSiglo XXI, _c2004. |
||
| 300 | _a285 p. | ||
| 440 | 0 | _aFilosofía | |
| 534 |
_pTraducción de: _tLe temps des tribus |
||
| 650 | 4 |
_aIdentidad de grupo _93843 |
|
| 650 | 4 |
_aIndividualismo _915239 |
|
| 650 | 4 |
_aCambio social _94887 |
|
| 650 | 4 |
_aSociedad de masas _917349 |
|
| 905 | _aLibro | ||
| 999 |
_c118519 _d118519 |
||